00409nam a2200157Ia 4500003000400000008004100004040001600045082001300061100002000074245005600094260003000150300001000180490002400190650001500214650002200229GCL140319s9999 xx 000 0 eng d aGCL / cGCL04a843bG P1 aGOSCINNY, SEMPE10aLE PETIT NICOLAS ET LES COPAINS / cGOSCINNY, SEMPE a[S.N] : bFOLIO ، c1995 a122 P aCOLLECTION FOLIOv004aLITERATURE04aFRENCH LITERATURE